Nanotechnology 2009 Life Science ,Medicine,Diagnostics,Bio Materials and Composites: (Record no. 330500)
[ view plain ]
| 000 -LEADER | |
|---|---|
| fixed length control field | nam a22 7a 4500 |
| 003 - CONTROL NUMBER IDENTIFIER | |
| control field | NUST |
| 005 - DATE AND TIME OF LATEST TRANSACTION | |
| control field | 20170718130045.0 |
| 008 - FIXED-LENGTH DATA ELEMENTS--GENERAL INFORMATION | |
| fixed length control field | 170718b xxu||||| |||| 00| 0 eng d |
| 020 ## - INTERNATIONAL STANDARD BOOK NUMBER | |
| International Standard Book Number | 9781439817858 |
| 040 ## - CATALOGING SOURCE | |
| Transcribing agency | 0 |
| 082 ## - DEWEY DECIMAL CLASSIFICATION NUMBER | |
| Classification number | 620.5 NAN |
| 245 ## - TITLE STATEMENT | |
| Title | Nanotechnology 2009 Life Science ,Medicine,Diagnostics,Bio Materials and Composites: |
| Remainder of title | Technical proceeding of the 2009 NSTI Nanotechnology Conference and Expo |
| 260 ## - PUBLICATION, DISTRIBUTION, ETC. | |
| Place of publication, distribution, etc. | Houston,USA |
| Name of publisher, distributor, etc. | Nanotech |
| Date of publication, distribution, etc. | 2009 |
| 300 ## - PHYSICAL DESCRIPTION | |
| Extent | 566p. |
| 500 ## - GENERAL NOTE | |
| General note | P.B |
| 942 ## - ADDED ENTRY ELEMENTS (KOHA) | |
| Source of classification or shelving scheme | |
| Koha item type | Book |
| Call number prefix | IESE |
| Withdrawn status | Lost status | Source of classification or shelving scheme | Damaged status | Not for loan | Collection code | Permanent Location | Current Location | Shelving location | Date acquired | Total Checkouts | Full call number | Barcode | Date last seen | Price effective from | Koha item type |
|---|---|---|---|---|---|---|---|---|---|---|---|---|---|---|---|
| Institute of Environmental Science and Engineering (IESE) | Institute of Environmental Science and Engineering (IESE) | General Stacks | 07/18/2017 | 620.5 NAN | IESE-2926 | 07/18/2017 | 07/18/2017 | Book | |||||||
| Institute of Environmental Science and Engineering (IESE) | Institute of Environmental Science and Engineering (IESE) | General Stacks | 07/18/2017 | 620.5 NAN | IESE-2927 | 07/18/2017 | 07/18/2017 | Book | |||||||
| Institute of Environmental Science and Engineering (IESE) | Institute of Environmental Science and Engineering (IESE) | General Stacks | 07/18/2017 | 620.5 NAN | IESE-2925 | 07/18/2017 | 07/18/2017 | Book |
